Oldest and Newest Countries in the World - Statistics

General Stats
  • This quiz has been taken 193 times
  • The average score is 11 of 40
Answer Stats
Independent since: Country % Correct
2011 South Sudan
77%
3100 BC Egypt
75%
3200 BC Iran
67%
800 BC Greece
66%
400 Japan
66%
2000 BC India
54%
50 Ethiopia
48%
190 BC Armenia
42%
1070 BC Sudan
37%
1991 Uzbekistan
36%
1300 BC Georgia
35%
209 BC Mongolia
35%
1991 Kazakhstan
33%
1991 Turkmenistan
33%
1990 Belarus
31%
1991 Tajikistan
30%
1991 Kyrgyzstan
28%
1991 Moldova
27%
301 San Marino
27%
1991 Slovenia
27%
300 BC South Korea
27%
2879 BC Vietnam
24%
1991 Macedonia
23%
2333 BC North Korea
23%
1994 Palau
22%
751 Oman
19%
200 BC Somalia
16%
681 Bulgaria
15%
377 BC Sri Lanka
15%
1990 Namibia
12%
1984 Brunei
11%
1986 Micronesia
11%
1986 Marshall Islands
10%
1980 Vanuatu
10%
1981 Belize
8%
756 Vatican City
5%
519 United Kingdom
4%
1981 Antigua and Barbuda
1%
1983 Saint Kitts and Nevis
0%
1979 Saint Vincent and the Grenadines
0%
No matching quizzes found
Score Distribution
Percent of People with Each Score
Percentile by Number Answered
Your Score History
You have not taken this quiz